Statystyki dla Rozpoznaj Postać Historyczną po Zdjęciu lub Portrecie #1

Kliknij tutaj aby rozwiązać quiz!

Ogólne statystyki

  • Ten quiz został rozwiązany 364 razy
  • Średni wynik to 14 z 20

Statystyki odpowiedzi

Odpowiedź% Poprawnych
Albert Einstein
99%
Maria Skłodowska Curie
98%
Mikołaj Kopernik
97%
Józef Stalin
96%
Abraham Lincoln
88%
Napoleon Bonaparte
87%
Winston Churchill
82%
John Fitzgerald Kennedy
79%
Fryderyk Chopin
78%
Wolfgang Amadeusz Mozart
73%
Wisława Szymborska
72%
Vincent Van Gogh
66%
Martin Luther King Jr.
65%
Nikola Tesla
65%
Margaret Thatcher
60%
Karol Darwin
59%
William Shakespeare
57%
Leonardo Da Vinci
51%
Salvador Dali
46%
Alfred Hitchcock
21%

Rozkład punktacji

Percentyl według liczby udzielonych odpowiedzi

Procent ludzi z każdym wynikiem

Twoja historia wyników

Nie rozwiązałeś tego quizu